01257nam a2200313 i 4500999001500000001001100015003000400026005001700030008004100047020001800088035002200106040003300128245015800161264006000319300003800379336002600417337003400443338002600477490005700503650002700560650003800587700004300625700003000668830005700698907007200755940001100827942001300838952009200851 c7314d7314.b72064158OSt20210218185057.0180920s2018 sp c 000 0 spa c a9788416305827 a(OCoLC)1120508977 aES-BaUABbcaterdacES-BaUAB00aConversaciones sobre periodismo radiofónico /c[Chelo Sánchez Serrano (coord.)] ; entrevistas con Pepa Bueno ... [i altres] ; epílogo Carlos Alsina 1aSalamanca :bUniversidad Pontificia de Salamanca,c2018 a128 pàgines :bretrats ;c24 cm atextbtxt2rdacontent asense mediacióbn2rdamedia avolumbnc2rdacarrier1 aMonografías de investigación e innovación ;v604aNotícies per ràdio04aPeriodisteszEspanyaxEntrevistes1 aSánchez Serrano, Chelo,ecoordinador1 aBueno, Pepa,eentrevistat 0aMonografías de investigación e innovación ;v6 a.b72064158b28-10-20c20-09-18d20-09-18emfa g-hspaisp j0k0 aREBIUN 2udccMON 00104070aCDMRbCDMRd2021-02-18l0oEi /6pCDMR21020010r2021-02-18w2021-02-18yMON